Statistics for Swimming

Click here to take the quiz!

General Stats

  • This quiz has been taken 93 times
  • The average score is 6 of 12

Answer Stats

HintAnswer% Correct
StrokeBackstroke
97%
StrokeFreestyle
97%
StrokeBreaststroke
96%
StrokeButterfly
96%
IM (Long Form)Individual Medley
62%
LCMLong Course Meters
40%
SCMShort Course Meters
40%
SCYShort Course Yards
38%
Governing Body
(International)
FINA
28%
Shortest race
(Official, Distance)
50m Freestyle
14%
Longest IM400m IM
10%
Longest Race
(Distance)
1500m Freestyle
9%

Score Distribution

Percentile by Number Answered

Percent of People with Each Score

Your Score History

You have not taken this quiz